La música en Rusia
Đã lưu trong:
| Tác giả chính: | |
|---|---|
| Định dạng: | Sách |
| Ngôn ngữ: | Tiếng Tây Ban Nha |
| Được phát hành: |
Buenos Aires
Espasa-Calpe
1947
|
| Loạt: | Colección Austral, 758
|
| Những chủ đề: | |
| Các nhãn: |
Thêm thẻ
Không có thẻ, Là người đầu tiên thẻ bản ghi này!
|
MARC
| LEADER | 00000nam a2200000 a 4500 | ||
|---|---|---|---|
| 001 | UCN3014 | ||
| 003 | CL-VaPUC | ||
| 005 | 20241025112826.0 | ||
| 008 | 010615e19470000AG |||||||||||||||||spa|d | ||
| 999 | |c 296029 |d 296027 | ||
| 040 | |c Pontificia Universidad Católica de Valparaíso | ||
| 082 | 0 | 4 | |a 780.947 |b CUI |2 21 |
| 100 | 0 | |a Cui, César |e author |9 459399 | |
| 245 | 1 | 3 | |a La música en Rusia |
| 260 | |a Buenos Aires |b Espasa-Calpe |c 1947 | ||
| 300 | |a 159 p | ||
| 490 | 0 | |a Colección Austral, 758 | |
| 583 | |a last modification |c 20010615 00:00:00 |k Rodrigo Vera | ||
| 650 | 0 | |a Música rusa, siglo 19 |2 CL-VaPUC |9 464757 | |
| 650 | 0 | |a Historia de la música |2 CL-VaPUC |9 306741 | |
| 650 | 0 | |a Música vocal |9 306287 | |
| 650 | 0 | |a Música instrumental |9 375235 | |
| 650 | 0 | |a Análisis musical |9 267228 | |
| 942 | |c BK |2 ddc | ||
| 945 | |d 20010615 00:00:00 |a crobeson | ||
| 952 | |0 0 |1 0 |4 0 |6 780_947000000000000_CUI_1947 |7 0 |8 A |9 349510 |a BIBEDU |b BIBEDU |d 2019-11-20 |i 1187368 |o 780.947 CUI 1947 |p 1187368 |r 2023-01-12 |w 2019-11-20 |y BK |k MUS | ||